Normal view
MARC view
Entry Geographic Name
001 - CONTROL NUMBER
- control field: 480010
003 - CONTROL NUMBER IDENTIFIER
- control field:
005 - DATE AND TIME OF LATEST TRANSACTION
- control field: 20210602135116.0
008 - FIXED-LENGTH DATA ELEMENTS
- fixed length control field: 210602|| aca||aabn | a|a d
040 ## - CATALOGING SOURCE
- Original cataloging agency:
- Transcribing agency:
151 ## - HEADING--GEOGRAPHIC NAME
- Geographic name: Xinjiang Uygur Zizhiqu (China)
- General subdivision: Guidebooks
670 ## - SOURCE DATA FOUND
- Source citation: Work cat.: (): Shafi, Iqbal M. 480009, Silk road to Sinkiang /, 1988
